| 000 | 00896nam a2200241 a 4500 | ||
|---|---|---|---|
| 001 | 55919 | ||
| 003 | BD-RjUL | ||
| 005 | 20211209080330.0 | ||
| 008 | 161123s1989 bg a|||| |||| 00| 0 ben d | ||
| 020 | _c : TK 45.00 | ||
| 035 | _a(BD-RjUL)56043 | ||
| 040 |
_aBD-RjUL _bben _cBD-RjUL _dBD-RjUL |
||
| 041 | _aben | ||
| 082 |
_223 _a651.3 _bANO 1989 |
||
| 100 | 1 |
_aআনঞ্জুম, নাসিম _9146741 |
|
| 245 | 1 | 0 |
_aঅফিস ব্যবস্থাপনা = Office Management / _cনাসিম আনঞ্জুম |
| 250 | _a৩য় সং. | ||
| 260 |
_aরাজশাহী, বাংলাদেশ : _bবৃত প্রকাশনী, _c১৯৮৯ |
||
| 300 |
_a[৩], ৪৬৭ পৃ. : _bচিত্র ; _c২১ সেমি. |
||
| 650 |
_aঅফিস ব্যবস্থাপনা _9143613 |
||
| 650 |
_aOffice Management _9143614 |
||
| 942 |
_2ddc _cBK |
||
| 999 |
_c55919 _d55919 |
||